Thiết kế bãi chôn lắp rác hợp vệ sinh cho nội ô Thành phố Cần Thơ : Luận văn tốt nghiệp đại học

Khảo sát và phản ánh thực trạng chung về quản lí và xử lí rác thải ở nội ô Thành phố Cần Thơ. Dựa trên những cơ sở lý thuyết, tổng hợp số liệu thu thập được thiết kế bãi chôn lắp rác hợp vệ sinh....

সম্পূর্ণ বিবরণ

সংরক্ষণ করুন:
গ্রন্থ-পঞ্জীর বিবরন
প্রধান লেখক: Cao, Văn Lời
বিন্যাস: গ্রন্থ
ভাষা:Undetermined
প্রকাশিত: Cần Thơ Trường Đại học Cần Thơ 2009
বিষয়গুলি:
ট্যাগগুলো: ট্যাগ যুক্ত করুন
কোনো ট্যাগ নেই, প্রথমজন হিসাবে ট্যাগ করুন!
Thư viện lưu trữ: Trung tâm Học liệu Trường Đại học Cần Thơ
LEADER 01195nam a2200205Ia 4500
001 CTU_164648
008 210402s9999 xx 000 0 und d
082 |a 628.44566 
082 |b L462 
100 |a Cao, Văn Lời 
245 0 |a Thiết kế bãi chôn lắp rác hợp vệ sinh cho nội ô Thành phố Cần Thơ : 
245 0 |b Luận văn tốt nghiệp đại học 
245 0 |c Cao Văn Lời ; Nguyễn Văn Tuyến (Giáo viên hướng dẫn) 
260 |a Cần Thơ 
260 |b Trường Đại học Cần Thơ 
260 |c 2009 
520 |a Khảo sát và phản ánh thực trạng chung về quản lí và xử lí rác thải ở nội ô Thành phố Cần Thơ. Dựa trên những cơ sở lý thuyết, tổng hợp số liệu thu thập được thiết kế bãi chôn lắp rác hợp vệ sinh. 
650 |a Organic wastes,Refuse and refuse disposal,Environmental engineering,Chất thải hữu cơ,Rác thải và xử lý rác thải 
904 |i Bạch Trúc 
980 |a Trung tâm Học liệu Trường Đại học Cần Thơ